Vertical unemployment of citizens in regional structure of Slovakia

Analýza miery nezamestnanosti a trhu práce v regiónoch na úrovni NUTS IV.

Guardado en:
Detalles Bibliográficos
Autor principal: Kováčik, Marián
Otros Autores: Mariš, Martin
Formato: Capítulo de libro
Lenguaje:inglés
Materias:
Etiquetas: Agregar Etiqueta
Sin Etiquetas, Sea el primero en etiquetar este registro!

MARC

LEADER 00000naa a2200000 4500
001 0198415
005 20231211131804.9
041 0 |a eng 
044 |a SK 
245 1 0 |a Vertical unemployment of citizens in regional structure of Slovakia  |c Marián Kováčik, Martin Mariš 
520 |a Analýza miery nezamestnanosti a trhu práce v regiónoch na úrovni NUTS IV. 
610 2 0 |a nezamestnanosť 
610 2 0 |a trh práce 
610 2 0 |a politika regionálna 
610 2 0 |a diferenciácia regionálna 
100 1 |a Kováčik, Marián 
700 1 |a Mariš, Martin